| 000 -LEADER |
| fixed length control field |
01679cam a2200445La 4500 |
| 001 - CONTROL NUMBER |
| control field |
4239647 |
| 003 - CONTROL NUMBER IDENTIFIER |
| control field |
OSt |
| 005 - DATE AND TIME OF LATEST TRANSACTION |
| control field |
20210923161220.0 |
| 006 - FIXED-LENGTH DATA ELEMENTS--ADDITIONAL MATERIAL CHARACTERISTICS |
| fixed length control field |
m u |
| 007 - PHYSICAL DESCRIPTION FIXED FIELD--GENERAL INFORMATION |
| fixed length control field |
cr cn- |
| 008 - FIXED-LENGTH DATA ELEMENTS--GENERAL INFORMATION |
| fixed length control field |
010821s1999 caua sf 001 0 eng d |
| 020 ## - INTERNATIONAL STANDARD BOOK NUMBER |
| International Standard Book Number |
0879305517 |
| 035 ## - SYSTEM CONTROL NUMBER |
| System control number |
(OCoLC)48138873 |
| 035 ## - SYSTEM CONTROL NUMBER |
| System control number |
(OCoLC)ocm48138873 |
| 035 ## - SYSTEM CONTROL NUMBER |
| System control number |
(N$T)ocm48138873 |
| 035 ## - SYSTEM CONTROL NUMBER |
| System control number |
(NNC)4239647 |
| 038 ## - RECORD CONTENT LICENSOR |
| Staff Name |
khadija |
| 040 ## - CATALOGING SOURCE |
| Original cataloging agency |
N$T |
| Transcribing agency |
N$T |
| Modifying agency |
OCLCQ |
| 050 14 - LIBRARY OF CONGRESS CALL NUMBER |
| Classification number |
T385 |
| Item number |
.W55 1999eb |
| 082 ## - DEWEY DECIMAL CLASSIFICATION NUMBER |
| Classification number |
604.202 |
| Author Mark |
WIL |
| 100 1# - MAIN ENTRY--PERSONAL NAME |
| Personal name |
Wilson, John, |
| Dates associated with a name |
1933- |
| 9 (RLIN) |
55067 |
| 245 10 - TITLE STATEMENT |
| Title |
3D modeling in AutoCAD |
| Remainder of title |
creating and using 3D models in AutoCAD 2000 / |
| Statement of responsibility, etc. |
John E. Wilson. |
| 246 3# - VARYING FORM OF TITLE |
| Title proper/short title |
Three D modeling in AutoCAD |
| 260 ## - PUBLICATION, DISTRIBUTION, ETC. |
| Place of publication, distribution, etc. |
San Francisco, Calif. : |
| Name of publisher, distributor, etc. |
Miller Freeman Books, |
| Date of publication, distribution, etc. |
c1999. |
| 300 ## - PHYSICAL DESCRIPTION |
| Extent |
484 p. : |
| Other physical details |
ill. ; |
| Dimensions |
25 cm. |
| 490 1# - SERIES STATEMENT |
| Series statement |
Cadence magazine AutoCAD masters series |
| 500 ## - GENERAL NOTE |
| General note |
Includes index. |
| 533 ## - REPRODUCTION NOTE |
| Type of reproduction |
Electronic reproduction. |
| Place of reproduction |
Boulder, Colo. : |
| Agency responsible for reproduction |
NetLibrary, |
| Date of reproduction |
2001. |
| Note about reproduction |
Available via World Wide Web. |
| -- |
Access may be limited to NetLibrary affiliated libraries. |
| -- |
Excludes the content of the material which accompanied the original book. |
| 563 ## - BINDING INFORMATION |
| Binding note |
Paperback |
| 630 00 - SUBJECT ADDED ENTRY--UNIFORM TITLE |
| Uniform title |
AutoCAD. |
| 9 (RLIN) |
6344 |
| 650 #0 - SUBJECT ADDED ENTRY--TOPICAL TERM |
| Topical term or geographic name entry element |
Computer graphics |
| Form subdivision |
Handbooks, manuals, etc. |
| 9 (RLIN) |
55068 |
| 650 #0 - SUBJECT ADDED ENTRY--TOPICAL TERM |
| Topical term or geographic name entry element |
Three-dimensional display systems. |
| 9 (RLIN) |
3207 |
| 655 #7 - INDEX TERM--GENRE/FORM |
| Genre/form data or focus term |
Electronic books. |
| Source of term |
local |
| 9 (RLIN) |
621 |
| 710 2# - ADDED ENTRY--CORPORATE NAME |
| Corporate name or jurisdiction name as entry element |
NetLibrary, Inc. |
| 9 (RLIN) |
35918 |
| 776 1# - ADDITIONAL PHYSICAL FORM ENTRY |
| Qualifying information |
Original |
| International Standard Book Number |
0879305517 |
| Record control number |
(DLC) 99041431 |
| -- |
(OCoLC)42022304 |
| 830 #0 - SERIES ADDED ENTRY--UNIFORM TITLE |
| Uniform title |
Cadence magazine AutoCAD masters series. |
| 9 (RLIN) |
55069 |
| 856 4# - ELECTRONIC LOCATION AND ACCESS |
| Uniform Resource Identifier |
<a href="http://www.columbia.edu/cgi-bin/cul/resolve?clio4239647">http://www.columbia.edu/cgi-bin/cul/resolve?clio4239647</a> |
| Public note |
Click here for full text. |
| 942 ## - ADDED ENTRY ELEMENTS (KOHA) |
| Source of classification or shelving scheme |
|
| Koha item type |
Book |